| 000 | 00527 a2200157 4500 | ||
|---|---|---|---|
| 020 | _a8131773604 (paperback) | ||
| 020 | _a9788131773604 (paperback) | ||
| 082 | _a516 | ||
| 090 |
_c1748 _d1748 |
||
| 100 | 1 | _aVittal, P R. | |
| 245 | 1 | 0 |
_aAnalytical geometry : _b2d and 3d / _cP R Vittal. |
| 260 |
_aChennai, Delhi _bPearson _c2013. |
||
| 300 |
_a1 v. (unpaged) ; _c22 cm. |
||
| 942 |
_aSNS _cBK _k516 VIT |
||
| 999 |
_c30355 _d30355 |
||